Prueba 8 - Statistics

General Stats
  • This quiz has been taken 7 times
  • The average score is 6 of 10
Answer Stats
Question Answer % Correct
La mayoría de personas en Costa Rica son... Católicas
100%
¿Qué es la población de Costa Rica? 5 millones
80%
¿Cuál país NO está al lado de Costa Rica? Honduras
80%
¿Cuál color NO está en la bandera de Costa Rica? Verde
80%
¿Qué es el nombre oficial de Costa Rica? La República de Costa Rica
60%
¿En cuál región está San José? Valle Central
60%
Hay 473 ______ en Costa Rica Distritos
40%
¿Cómo se llama el himno nacional de Costa Rica? Noble patria, tu hermosa bandera
40%
¿Cuántas idiomas oficiales tienen Costa Rica? Uno
40%
¿Qué es la esperanza de vida de Costa Rica? 79 años
20%
No matching quizzes found
Score Distribution
Percent of People with Each Score
Percentile by Number Answered
Your Score History
You have not taken this quiz